00481nam a2200169Ia 4500003000400000005001700004008004000021020001500061040000700076041000800083082001600091100002400107245005900131260006400190300001400254650004300268OSt20250818161801.0210210b2003 xxu||||| |||| 00| 0 eng d a817371455X cAL aeng a581.16 BHAN aBhat D M and others aNursery manualb: propagation methods for tree species aHyderabadbUniversities Press (India) Private Limitedc2003 aviii,320p aNursery Plant Propagation Tree Species